Inovatívne trendy a formy vzdelávania

Na minha lista:
Detalhes bibliográficos
Autor principal: Gažová Adamková, Hana, 1969-
Formato: Capítulo de Livro
Idioma:eslovaco
inglês
Assuntos:
Tags: Adicionar Tag
Sem tags, seja o primeiro a adicionar uma tag!

MARC

LEADER 00000naa$a2200000$$$4500
001 0290189
005 20240502074445.1
041 0 |a slo 
041 0 |a eng 
044 |a SK 
245 1 0 |a Inovatívne trendy a formy vzdelávania  |c Hana Gažová Adamková 
500 |a Abstrakt 
610 2 0 |a vzdelávanie 
610 2 0 |a inovácia 
610 2 0 |a trh práce 
610 2 0 |a študenti 
610 2 0 |a učitelia 
610 2 0 |a modely 
100 1 |a Gažová Adamková, Hana, 1969-